Everybody Wants To Rule The World - Tears For Fears (All Lyrics) - Statistics

General Stats
  • This quiz has been taken 993 times
  • The average score is 118 of 161
Answer Stats
Everybody Wants To Rule The World % Correct
to
99%
ever
98%
the
98%
Everybody
97%
rule
97%
wants
97%
When
97%
world
96%
a
95%
Outro I
95%
you
94%
no
91%
we
91%
We
91%
your
89%
be
88%
There's
87%
on
86%
back
84%
Turn
84%
Verse 1 Welcome
82%
find
81%
life
81%
it
79%
it?
79%
turning
79%
best
78%
Mother
78%
Nature
77%
will
77%
behaviour
76%
while
74%
and
73%
Chorus Acting
72%
for
72%
where
72%
Even
71%
do
70%
me
70%
Nothing
70%
forever
69%
of
68%
sleep
68%
lasts
67%
Verse 2 It's
66%
my
66%
Chorus So
66%
freedom
65%
won't
65%
light
64%
pleasure
64%
they
64%
make
63%
Help
62%
room
62%
down
60%
right
60%
behind
59%
I'll
59%
own
59%
Chorus Most
58%
decide
56%
had
56%
made
56%
sad
56%
come
55%
almost
54%
glad
54%
hands
54%
Holding
54%
tumbling
54%
walls
54%
design
48%
that
47%
never
46%
remorse
46%
Say
46%
can't
39%
we've
39%
you'll
39%
All
36%
this
36%
fade
35%
need
33%
with
32%
stand
31%
vision
30%
lack
28%
One
28%
why
28%
indecision
27%
believe
25%
Married
24%
headline
19%
No matching quizzes found
Score Distribution
Percent of People with Each Score
Percentile by Number Answered
Your Score History
You have not taken this quiz